000
00274nam a22001337a 4500
008
181009b xxu||||| |||| 00| 0 eng d
020
_a
9780030727962
041
_a
eng
080
_a
573
100
_a
11
101
_a
BIO
245
_a
Biology
_c
Solomon
942
_2
udc
_c
BK
999
_c
49112
_d
49112